Tony Award for Best Actor in a Play - Statistics

General Stats
  • This quiz has been taken 120 times
  • The average score is 16 of 70
Answer Stats
Year Actor % Correct
1977 Al Pacino
65%
2010 Denzel Washington
65%
2011 Mark Rylance
57%
2008 Mark Rylance
57%
1987 James Earl Jones
52%
1969 James Earl Jones
52%
2003 Brian Dennehy
48%
1999 Brian Dennehy
48%
1983 Harvey Fierstein
48%
1965 Walter Matthau
48%
1966 Hal Holbrook
39%
1955 Alfred Lunt
35%
2016 Frank Langella
35%
2007 Frank Langella
35%
2012 James Corden
35%
1993 Ron Leibman
35%
2002 Alan Bates
30%
1973 Alan Bates
30%
2014 Bryan Cranston
30%
1981 Ian McKellen
30%
1949 Rex Harrison
30%
1971 Brian Bedford
26%
1996 George Grizzard
26%
1959 Jason Robards
26%
1962 Paul Scofield
26%
2006 Richard Griffiths
26%
1994 Stephen Spinella
26%
1961 Zero Mostel
26%
1957 Fredric March
22%
1970 Fritz Weaver
22%
1984 Jeremy Irons
22%
1992 Judd Hirsch
22%
1986 Judd Hirsch
22%
1995 Ralph Fiennes
22%
1964 Alec Guinness
17%
1997 Christopher Plummer
17%
1972 Cliff Gorman
17%
1954 David Wayne
17%
1948 Henry Fonda
17%
1968 Martin Balsam
17%
1982 Roger Rees
17%
1988 Ron Silver
17%
1998 Anthony LaPaglia
13%
2005 Bill Irwin
13%
1951 Claude Rains
13%
2004 Jefferson Mays
13%
1974 Michael Moriarty
13%
1990 Robert Morse
13%
2000 Stephen Dillane
13%
2015 Alex Sharp
9%
1963 Arthur Hill
9%
1978 Barnard Hughes
9%
1985 Derek Jacobi
9%
2009 Geoffrey Rush
9%
1975 John Kani
9%
1980 John Rubinstein
9%
1976 John Wood
9%
1952 José Ferrer
9%
1947 José Ferrer
9%
1960 Melvyn Douglas
9%
1967 Paul Rogers
9%
1958 Ralph Bellamy
9%
2001 Richard Easton
9%
1979 Tom Conti
9%
1953 Tom Ewell
9%
2013 Tracy Letts
9%
1991 Nigel Hawthorne
4%
1956 Paul Muni
4%
1989 Philip Bosco
4%
1950 Sidney Blackmer
4%
No matching quizzes found
Score Distribution
Percent of People with Each Score
Percentile by Number Answered
Your Score History
You have not taken this quiz